[Event "C.to Italiano Semifinale"]
[Site "San Martino di Castrozza - Siror ITA"]
[Date "2003.06.22"]
[Round "2"]
[White "Rossato, Armando"]
[Black "Cocchi, Andrea"]
[Result "0-1"]
[WhiteElo "2192"]
[BlackElo "2311"]
[PlyCount "84"]
[EventDate "2003.06.21"]

1. e4 c5 2. Nf3 Nc6 3. Bb5 Qb6 4. Nc3 e6 5. a4 Nge7 6. O-O a6 7. Bc4 Ng6 8. b3
Be7 9. Re1 d6 10. Bb2 Bf6 11. g3 O-O 12. h4 Nge5 13. Nxe5 Bxe5 14. Rb1 Bd7 15.
Qc1 Rae8 16. Ne2 Bxb2 17. Qxb2 Ne5 18. Qc3 Bc6 19. Nf4 Qc7 20. a5 Nxc4 21. bxc4
Qd7 22. h5 f6 23. Rb6 Qf7 24. Qd3 e5 25. Nd5 Qxh5 26. Nc7 f5 27. Rxc6 bxc6 28.
Nxe8 Rxe8 29. Qxd6 f4 30. Qxc6 h6 31. Qd7 Rf8 32. Kg2 Qg5 33. Qh3 f3+ 34. Kg1
Qxd2 35. Qf1 Qxc2 36. Rb1 Qxe4 37. Rb6 Rd8 38. Qc1 Qe2 39. Rb1 Rd2 40. Rb8+ Kh7
41. Qb1+ e4 42. Qf1 Rd1 0-1

[Event "C.to Italiano Semifinale"]
[Site "San Martino di Castrozza - Siror ITA"]
[Date "2003.06.22"]
[Round "2"]
[White "Rossi, Damiano"]
[Black "Ricci, Marco"]
[Result "1/2-1/2"]
[WhiteElo "1840"]
[BlackElo "2165"]
[PlyCount "104"]
[EventDate "2003.06.21"]

1. d4 Nf6 2. c4 g6 3. Nc3 Bg7 4. e4 d6 5. Be2 O-O 6. Nf3 e5 7. O-O Nc6 8. d5
Ne7 9. b4 a5 10. Ba3 axb4 11. Bxb4 b6 12. a4 Ne8 13. Nb5 f5 14. Nd2 Rf7 15. f3
Bh6 16. Nb3 Be3+ 17. Kh1 g5 18. Bd2 Bxd2 19. Qxd2 f4 20. a5 bxa5 21. Rxa5 Rxa5
22. Qxa5 Bd7 23. c5 Bxb5 24. Bxb5 Ng6 25. Ra1 Qb8 26. Bxe8 Qxe8 27. Qa8 Qxa8
28. Rxa8+ Rf8 29. Rxf8+ Kxf8 30. c6 Ke7 31. Kg1 Kd8 32. g3 fxg3 33. hxg3 h5 34.
Kg2 Ne7 35. Na5 Ng8 36. Nc4 Nf6 37. Ne3 Ke7 38. Nf5+ Kd8 39. Ng7 g4 40. Kf2 Kc8
41. Ne6 Kb8 42. Ke3 gxf3 43. Kxf3 Kc8 44. Ng5 Kd8 45. Nf7+ Ke7 46. Nh6 Ne8 47.
Nf5+ Kf6 48. g4 Kg5 49. gxh5 Kxh5 50. Ne3 Kh4 51. Nc4 Kh5 52. Na5 Kh4 1/2-1/2

[Event "C.to Italiano Semifinale"]
[Site "San Martino di Castrozza - Siror ITA"]
[Date "2003.06.22"]
[Round "2"]
[White "Stroppa, Daniel"]
[Black "Pechy, Alaster"]
[Result "0-1"]
[WhiteElo "2279"]
[BlackElo "2115"]
[PlyCount "78"]
[EventDate "2003.06.21"]

1. d4 Nf6 2. Nf3 g6 3. Nc3 d5 4. Bf4 Bg7 5. e3 Bg4 6. Be2 c6 7. Ne5 Bxe2 8.
Qxe2 Nfd7 9. e4 Nxe5 10. dxe5 e6 11. h4 Nd7 12. O-O-O a6 13. Bg3 Qc7 14. exd5
cxd5 15. Rhe1 Qc6 16. f4 h5 17. Bf2 b5 18. Qf3 Rc8 19. Rd2 Bf8 20. Ne2 Bb4 21.
c3 Bc5 22. Bd4 Nb6 23. Kb1 Nc4 24. Rd3 a5 25. Rc1 Qc7 26. g4 Be7 27. Rh1 Qd8
28. Bf2 b4 29. cxb4 axb4 30. Nd4 Qa5 31. Nb3 Qa6 32. Nc1 Ra8 33. Be1 Rc8 34.
Qe2 Qc6 35. Bf2 hxg4 36. Qxg4 Nxe5 37. Qe2 Nxd3 38. Qxd3 Qc4 39. Qd2 Qe4+ 0-1

[Event "C.to Italiano Semifinale"]
[Site "San Martino di Castrozza - Siror ITA"]
[Date "2003.06.22"]
[Round "2"]
[White "Vezzosi, Paolo"]
[Black "Valenti, Giuseppe"]
[Result "1-0"]
[WhiteElo "2372"]
[BlackElo "2226"]
[PlyCount "105"]
[EventDate "2003.06.21"]

1. d4 Nf6 2. c4 e6 3. Nf3 Bb4+ 4. Nbd2 b6 5. e3 Bb7 6. Bd3 O-O 7. O-O Bxd2 8.
Nxd2 d6 9. b3 Nbd7 10. Bb2 Qe7 11. e4 Rfd8 12. Qe2 c5 13. Rad1 cxd4 14. Bxd4
Nc5 15. Bc2 a5 16. f3 Nfd7 17. Nb1 Ne5 18. Nc3 Rac8 19. Rd2 Bc6 20. Rfd1 f6 21.
Bf2 Nf7 22. a3 Qc7 23. b4 axb4 24. axb4 Nd7 25. Bb3 Re8 26. Bg3 Nde5 27. f4 Ng6
28. Qh5 Rcd8 29. f5 exf5 30. exf5 Nge5 31. c5 bxc5 32. bxc5 g6 33. Qh3 Qe7 34.
Bf2 Qb7 35. Bxf7+ Nxf7 36. fxg6 hxg6 37. cxd6 Kg7 38. Qg3 Re6 39. Bc5 Nh6 40.
Rb1 Qa6 41. Qd3 Qa8 42. Ra2 Qc8 43. Ra7+ Rd7 44. Rxd7+ Qxd7 45. Ra1 Bb7 46. Qb5
Bc6 47. Qb6 Qe8 48. Ra7+ Kg8 49. Re7 Rxe7 50. dxe7 Nf5 51. Qd8 Kf7 52. Nd5 Ng7
53. Nc7 1-0

[Event "C.to Italiano Semifinale"]
[Site "San Martino di Castrozza - Siror ITA"]
[Date "2003.06.23"]
[Round "3"]
[White "Baracchi, Filippo"]
[Black "Astengo, Marcello"]
[Result "1-0"]
[WhiteElo "1801"]
[BlackElo "2055"]
[PlyCount "79"]
[EventDate "2003.06.21"]

1. e4 e6 2. d4 d5 3. exd5 exd5 4. c4 Nf6 5. Nc3 dxc4 6. Bxc4 Bd6 7. Nf3 O-O 8.
O-O Bg4 9. Bg5 h6 10. Be3 Nbd7 11. h3 Bh5 12. Kh1 c6 13. Rg1 Nb6 14. Bd3 Nbd5
15. Bd2 Qb6 16. g4 Bg6 17. Bxg6 fxg6 18. Ne5 g5 19. Nc4 Qc7 20. Ne3 Nf4 21.
Qb3+ Kh8 22. Rg3 Rae8 23. Nf5 Ne2 24. Re3 Nxc3 25. bxc3 Ne4 26. Be1 Bf4 27. Rd3
g6 28. Ne3 Qd7 29. c4 Bb8 30. Qb2 Kh7 31. Rb1 b6 32. d5 Rf3 33. Kg2 Ref8 34.
Rbd1 Qd6 35. Nf1 Qf4 36. dxc6 Nxf2 37. Rd7+ Rf7 38. Rxf7+ Qxf7 39. Rd7 Rg3+ 40.
Nxg3 1-0

[Event "C.to Italiano Semifinale"]
[Site "San Martino di Castrozza - Siror ITA"]
[Date "2003.06.23"]
[Round "3"]
[White "Battaglia, Edoardo"]
[Black "Cazzaniga, Walter"]
[Result "0-1"]
[WhiteElo "1600"]
[BlackElo "2094"]
[PlyCount "44"]
[EventDate "2003.06.21"]

1. e4 e6 2. d4 d5 3. exd5 exd5 4. Nf3 Nc6 5. Bd3 Bg4 6. c3 Bd6 7. O-O Qd7 8.
Re1+ Nge7 9. Bg5 f6 10. Bh4 g5 11. Bg3 Bxg3 12. hxg3 O-O-O 13. Nbd2 h5 14. Qa4
Kb8 15. b4 Nc8 16. b5 N6e7 17. Qb4 h4 18. gxh4 Bxf3 19. Nxf3 g4 20. Nd2 Rxh4
21. g3 Rh6 22. Qb2 Rdh8 0-1

[Event "C.to Italiano Semifinale"]
[Site "San Martino di Castrozza - Siror ITA"]
[Date "2003.06.23"]
[Round "3"]
[White "Campanile, Roberto"]
[Black "Damia, Angelo"]
[Result "1/2-1/2"]
[WhiteElo "2184"]
[BlackElo "1991"]
[PlyCount "73"]
[EventDate "2003.06.21"]

1. d4 Nf6 2. c4 g6 3. Nc3 Bg7 4. e4 d6 5. Nf3 O-O 6. Be2 e5 7. d5 Nbd7 8. Bg5
h6 9. Bh4 g5 10. Bg3 Nc5 11. Nd2 Ncxe4 12. Ndxe4 Nxe4 13. Nxe4 f5 14. Nc3 f4
15. Ne4 Bf5 16. Bd3 fxg3 17. hxg3 c6 18. g4 Bxe4 19. Bxe4 Qa5+ 20. Kf1 Rf4 21.
f3 Raf8 22. Qd3 c5 23. Ke2 Qc7 24. a3 R4f6 25. b4 Rc8 26. Rhc1 b6 27. Rab1 Rff8
28. Rc2 Rb8 29. Rcb2 Rfc8 30. b5 Bf6 31. Rb3 Qg7 32. Rh1 Kf7 33. a4 Rh8 34. Ra3
Bd8 35. Ra2 Bc7 36. Bf5 Rbf8 37. Qe4 1/2-1/2

[Event "C.to Italiano Semifinale"]
[Site "San Martino di Castrozza - Siror ITA"]
[Date "2003.06.23"]
[Round "3"]
[White "Cocchi, Andrea"]
[Black "Vezzosi, Paolo"]
[Result "1/2-1/2"]
[WhiteElo "2311"]
[BlackElo "2372"]
[PlyCount "94"]
[EventDate "2003.06.21"]

1. c4 Nf6 2. Nc3 g6 3. g3 Bg7 4. Bg2 d6 5. e4 c5 6. Nge2 Nc6 7. d3 Nd7 8. Rb1
Nf8 9. a3 a5 10. O-O Ne6 11. b3 Ned4 12. Nxd4 Nxd4 13. b4 axb4 14. axb4 O-O 15.
Nd5 e6 16. Nf4 Ra2 17. bxc5 dxc5 18. h4 Qc7 19. Be3 Rd8 20. Kh1 Bd7 21. Ra1
Rda8 22. Rxa2 Rxa2 23. Qb1 Ra7 24. Re1 Bc6 25. Kh2 Qa5 26. Ne2 Nc2 27. Rd1 Nxe3
28. fxe3 Ba4 29. Rf1 Bh6 30. Nf4 Bc6 31. Qb2 Qd8 32. Qf2 Bg7 33. Nh3 b6 34. Rd1
Qe8 35. Rd2 h6 36. h5 g5 37. Qe2 Ra3 38. Nf2 Bc3 39. Rc2 Qd8 40. Bf3 Bg7 41.
Ra2 Qa8 42. Rxa3 Qxa3 43. Bg2 Qb2 44. Qxb2 Bxb2 45. Ng4 Kg7 46. e5 Ba4 47. Bf3
Bc2 1/2-1/2

[Event "C.to Italiano Semifinale"]
[Site "San Martino di Castrozza - Siror ITA"]
[Date "2003.06.23"]
[Round "3"]
[White "Di Paolo, Raffaele"]
[Black "Mola, Pietro"]
[Result "0-1"]
[WhiteElo "2320"]
[BlackElo "2265"]
[PlyCount "126"]
[EventDate "2003.06.21"]

1. e4 c5 2. Nf3 d6 3. d4 cxd4 4. Nxd4 Nf6 5. Nc3 a6 6. Bg5 e6 7. f4 Be7 8. Qf3
Qc7 9. O-O-O Nbd7 10. g4 b5 11. Bxf6 Nxf6 12. g5 Nd7 13. f5 Bxg5+ 14. Kb1 Ne5
15. Qh5 Qe7 16. fxe6 g6 17. exf7+ Kxf7 18. Qe2 Bg4 19. Qf2+ Qf6 20. Qxf6+ Bxf6
21. Be2 Bc8 22. Rhf1 Kg7 23. Nd5 Bd8 24. Rf2 Ra7 25. Rdf1 Bh4 26. Rg2 Rf8 27.
Nf5+ Bxf5 28. Rxf5 Raf7 29. Rxf7+ Rxf7 30. c3 Rb7 31. b4 Bf6 32. Rf2 Nd7 33. a4
Be5 34. axb5 axb5 35. Kb2 Nb6 36. Nxb6 Rxb6 37. Kb3 h5 38. h3 Rb8 39. Rf1 Kh6
40. Rd1 Rc8 41. Rc1 Rb8 42. Rf1 Kg5 43. Rf3 Kh4 44. c4 bxc4+ 45. Kxc4 g5 46.
Rf5 Rc8+ 47. Kd5 Bf4 48. b5 Rc5+ 49. Ke6 Rc2 50. Bd1 Rd2 51. Rd5 Rb2 52. Kf5
Be5 53. Kg6 g4 54. hxg4 hxg4 55. b6 Rxb6 56. Rd2 Rb8 57. Be2 Rf8 58. Rd1 Rf6+
59. Kh7 Rf4 60. Kg6 Rf6+ 61. Kh7 Rf4 62. Bd3 Kg5 63. Rg1 Rf8 0-1

[Event "C.to Italiano Semifinale"]
[Site "San Martino di Castrozza - Siror ITA"]
[Date "2003.06.23"]
[Round "3"]
[White "Ferri, Stefano"]
[Black "Rossato, Armando"]
[Result "1-0"]
[WhiteElo "2069"]
[BlackElo "2192"]
[PlyCount "73"]
[EventDate "2003.06.21"]

1. c4 e5 2. Nc3 d6 3. Nf3 f5 4. d4 e4 5. Ng1 Nf6 6. Nh3 Be7 7. Bg5 c6 8. e3 Be6
9. Nf4 Bf7 10. Qb3 Qc8 11. Be2 Nbd7 12. h4 O-O 13. g4 b5 14. gxf5 bxc4 15. Qa3
Re8 16. d5 cxd5 17. Nb5 a6 18. Nd4 Nc5 19. Rc1 Qd7 20. Bd1 Reb8 21. b4 cxb3 22.
axb3 a5 23. Rg1 Kh8 24. h5 Rg8 25. Ng6+ Bxg6 26. hxg6 h6 27. Be2 Rgb8 28. Rh1
Kg8 29. Bf4 Ne8 30. Qa2 Rb4 31. Nc2 Nc7 32. Nxb4 axb4 33. Qd2 Nxb3 34. Rxc7
Nxd2 35. Rxd7 Ra1+ 36. Bd1 Nf3+ 37. Ke2 $139 1-0

[Event "C.to Italiano Semifinale"]
[Site "San Martino di Castrozza - Siror ITA"]
[Date "2003.06.23"]
[Round "3"]
[White "Guclu, Yaman"]
[Black "Calisi, Elia"]
[Result "1-0"]
[WhiteElo "1771"]
[BlackElo "1600"]
[PlyCount "77"]
[EventDate "2003.06.21"]

1. e4 c5 2. Nf3 Nc6 3. d4 cxd4 4. Nxd4 Nf6 5. Nc3 e5 6. Ndb5 d6 7. Bg5 a6 8.
Na3 b5 9. Bxf6 gxf6 10. Nd5 f5 11. Bd3 Be6 12. Qh5 Bg7 13. O-O Rb8 14. f4 Bxd5
15. exd5 e4 16. dxc6 Bxb2 17. Rae1 O-O 18. Qxf5 exd3 19. Qxd3 Qb6+ 20. Kh1 Qxc6
21. Re3 d5 22. Rff3 Rbe8 23. Rh3 h6 24. Nb1 Bg7 25. Nd2 Rxe3 26. Rxe3 Rc8 27.
h3 d4 28. Rg3 Kh8 29. Qf5 Qxc2 30. Qxf7 Qc7 31. Rxg7 Qxf7 32. Rxf7 Rc1+ 33. Kh2
Rc2 34. Nf3 Rxa2 35. f5 d3 36. f6 Kg8 37. Ne5 Re2 38. Rg7+ Kf8 39. Ng6+ 1-0

[Event "C.to Italiano Semifinale"]
[Site "San Martino di Castrozza - Siror ITA"]
[Date "2003.06.23"]
[Round "3"]
[White "Passerotti, Pierluigi"]
[Black "Drei, Andrea"]
[Result "0-1"]
[WhiteElo "2278"]
[BlackElo "2224"]
[PlyCount "142"]
[EventDate "2003.06.21"]

1. d4 Nf6 2. c4 e6 3. Nf3 b6 4. a3 c5 5. Nc3 cxd4 6. Nxd4 Bb7 7. Qc2 Nc6 8.
Nxc6 Bxc6 9. Bf4 Bc5 10. Rd1 a5 11. e4 Qc8 12. Be2 Qb7 13. Bf3 O-O 14. O-O Rac8
15. Rd2 Ne8 16. Rd3 f5 17. exf5 Bxf3 18. Rxf3 Rxf5 19. Ne4 Be7 20. Qe2 Qc6 21.
Nd2 a4 22. Rc1 Bd6 23. Be3 Rxf3 24. Nxf3 Nf6 25. h3 Bc5 26. Bxc5 Qxc5 27. Rc3
Qf5 28. Kh2 Ne4 29. Rc2 Nc5 30. g3 Rf8 31. Kg2 Nb3 32. Rc3 Qc5 33. Qe3 Qc6 34.
Kh2 Nc5 35. Ne5 Qc7 36. f4 Qb7 37. Qf3 Qc7 38. Kg2 Rc8 39. h4 Rf8 40. Kh3 Rc8
41. Qe3 Qb7 42. Qf3 Qxf3 43. Nxf3 Ne4 44. Rc2 d5 45. Nd2 Nxd2 46. Rxd2 Rxc4 47.
Kg4 Kf7 48. h5 Kf6 49. Rd3 b5 50. b3 Rc2 51. bxa4 bxa4 52. Rd4 Rc4 53. Rd3 h6
54. Re3 Rc7 55. Rd3 Ke7 56. f5 Rc4+ 57. Kf3 Kd6 58. fxe6 Kxe6 59. Re3+ Kf5 60.
Re7 Rc3+ 61. Kf2 Kg4 62. Rxg7+ Kxh5 63. Rd7 Kg4 64. Rxd5 Rf3+ 65. Ke2 Rxa3 66.
Rd6 h5 67. Rd5 Ra2+ 68. Kf1 a3 69. Rd8 Kxg3 70. Rd3+ Kf4 71. Rd4+ Ke3 0-1

[Event "C.to Italiano Semifinale"]
[Site "San Martino di Castrozza - Siror ITA"]
[Date "2003.06.23"]
[Round "3"]
[White "Pechy, Alaster"]
[Black "Iotti, Pierluigi"]
[Result "0-1"]
[WhiteElo "2115"]
[BlackElo "2314"]
[PlyCount "71"]
[EventDate "2003.06.21"]

1. d4 Nf6 2. c4 e6 3. Nc3 Bb4 4. Qc2 c5 5. dxc5 O-O 6. a3 Bxc5 7. b4 Be7 8. Nf3
b6 9. e3 Bb7 10. Be2 d6 11. O-O Nbd7 12. Rd1 a6 13. Bb2 Rc8 14. Rac1 Qc7 15.
Ba1 Rfd8 16. Qb2 Bf8 17. Rd4 Qb8 18. Rh4 Qa8 19. Rh3 Rc7 20. Rd1 Rdc8 21. Rd4
d5 22. Rdh4 dxc4 23. Qc2 g6 24. Ng5 Bxg2 25. Rg3 Bb7 26. Rgh3 Bg2 27. Rg3 Bb7
28. Rgh3 Bg7 29. Nxh7 Bg2 30. Rg3 Nxh7 31. Rxg2 Ne5 32. Ne4 c3 33. f4 Nd7 34.
Bf3 Qa7 35. Rxh7 Kxh7 36. Ng5+ 0-1

[Event "C.to Italiano Semifinale"]
[Site "San Martino di Castrozza - Siror ITA"]
[Date "2003.06.23"]
[Round "3"]
[White "Rossi, Giampiero"]
[Black "Ricci, Marco"]
[Result "0-1"]
[WhiteElo "2052"]
[BlackElo "2165"]
[PlyCount "84"]
[EventDate "2003.06.21"]

1. d4 Nf6 2. c4 g6 3. g3 Bg7 4. Bg2 d6 5. Nc3 O-O 6. Nf3 Nbd7 7. O-O e5 8. Qc2
Re8 9. Rd1 c6 10. b3 Qe7 11. e3 Nf8 12. Ba3 e4 13. Ne1 Bf5 14. h3 h5 15. Rac1
Qd7 16. Kh2 N8h7 17. Ne2 Ng5 18. Ng1 Rac8 19. Qd2 Qc7 20. d5 c5 21. Bb2 Qe7 22.
Bc3 Nd7 23. Bxg7 Kxg7 24. Qc3+ Ne5 25. h4 Nh7 26. Bh3 Qf6 27. Bxf5 Qxf5 28. Nh3
f6 29. Kg2 g5 30. hxg5 fxg5 31. Rd2 Kg6 32. Qa5 a6 33. Qb6 Qd7 34. b4 Nf6 35.
Rb2 Re7 36. b5 Ra8 37. bxa6 Rxa6 38. Qb3 h4 39. Qc2 Rh7 40. Ng1 hxg3 41. fxg3
Neg4 42. Qc3 Rh2+ 0-1

[Event "C.to Italiano Semifinale"]
[Site "San Martino di Castrozza - Siror ITA"]
[Date "2003.06.23"]
[Round "3"]
[White "Sbarra, Marco"]
[Black "Contini, Luca"]
[Result "1/2-1/2"]
[WhiteElo "2217"]
[BlackElo "2337"]
[PlyCount "40"]
[EventDate "2003.06.21"]

1. e4 c5 2. Nf3 d6 3. Bb5+ Nd7 4. d4 Ngf6 5. Nc3 a6 6. Bxd7+ Nxd7 7. O-O e6 8.
Bg5 Qc7 9. d5 e5 10. a4 b6 11. Nd2 h6 12. Be3 g5 13. Ne2 Nf6 14. Ng3 Bg7 15.
Nh5 Nxh5 16. Qxh5 O-O 17. g4 Bd7 18. f3 b5 19. axb5 axb5 20. Qh3 Qb7 1/2-1/2

[Event "C.to Italiano Semifinale"]
[Site "San Martino di Castrozza - Siror ITA"]
[Date "2003.06.23"]
[Round "3"]
[White "Scalcione, Michelangelo"]
[Black "Rossi, Damiano"]
[Result "1-0"]
[WhiteElo "2366"]
[BlackElo "1840"]
[PlyCount "81"]
[EventDate "2003.06.21"]

1. Nf3 d5 2. d4 c6 3. c4 e6 4. Qc2 Nf6 5. Bg5 Nbd7 6. cxd5 exd5 7. Nc3 Qa5 8.
Nd2 Be7 9. e3 O-O 10. Bd3 h6 11. Bh4 c5 12. O-O c4 13. Be2 b5 14. Bf3 Bb7 15.
a3 Rfe8 16. Bg3 Qb6 17. a4 b4 18. a5 Qa6 19. Ne2 b3 20. Qc1 Bc6 21. Nc3 Bb4 22.
Be2 Bxc3 23. Qxc3 Qb7 24. Bf3 Nf8 25. Rfe1 Ng6 26. h4 a6 27. h5 Nf8 28. Bf4
N8h7 29. Nf1 Rac8 30. Ng3 Bd7 31. Be5 Bg4 32. Bxg4 Nxg4 33. Nf5 Nxe5 34. dxe5
Re6 35. Nd6 Rxd6 36. exd6 Qc6 37. Rad1 Rd8 38. Rd4 Nf6 39. f3 Rxd6 40. g4 Nd7
41. e4 1-0

[Event "C.to Italiano Semifinale"]
[Site "San Martino di Castrozza - Siror ITA"]
[Date "2003.06.23"]
[Round "3"]
[White "Sorcinelli, Francesco"]
[Black "Stroppa, Daniel"]
[Result "1/2-1/2"]
[WhiteElo "1962"]
[BlackElo "2279"]
[PlyCount "105"]
[EventDate "2003.06.21"]

1. e4 c5 2. Nf3 e6 3. Nc3 a6 4. g3 b5 5. Bg2 Bb7 6. d3 d6 7. O-O Be7 8. Re1 Nd7
9. b3 Ngf6 10. Bb2 O-O 11. Qe2 Re8 12. Ng5 h6 13. Nh3 Nb8 14. e5 Bxg2 15. exf6
Bxh3 16. fxe7 Qxe7 17. Qh5 Bf5 18. Nd5 Qd8 19. Ne3 Bg6 20. Qg4 Nd7 21. f4 d5
22. f5 exf5 23. Nxf5 d4 24. Nh4 Nf6 25. Qf3 Bh5 26. Qf5 Qd5 27. Qf4 b4 28. Nf5
Qd7 29. Nxh6+ Kh7 30. Nf5 Bg4 31. Nxg7 Nd5 32. Nxe8 Rxe8 33. Qg5 Ne3 34. Qxc5
Qb7 35. Rxe3 dxe3 36. Qd4 f5 37. Re1 Qe7 38. Bc1 e2 39. Qf4 Qc5+ 40. d4 Qb6 41.
Qf2 Qc6 42. h3 Bf3 43. Bf4 Qe4 44. Be5 Kg6 45. Kh2 Rc8 46. g4 fxg4 47. Qh4 Rc6
48. Qh8 Kf7 49. Qg7+ Ke8 50. Qg8+ Ke7 51. Qg7+ Ke8 52. Qg8+ Ke7 53. Qg7+
1/2-1/2

[Event "C.to Italiano Semifinale"]
[Site "San Martino di Castrozza - Siror ITA"]
[Date "2003.06.23"]
[Round "3"]
[White "Valenti, Giuseppe"]
[Black "Brignone, Roberto"]
[Result "1-0"]
[WhiteElo "2226"]
[BlackElo "2149"]
[PlyCount "47"]
[EventDate "2003.06.21"]

1. e4 d5 2. exd5 Qxd5 3. Nc3 Qa5 4. Nf3 Nf6 5. d4 c6 6. Bc4 Bf5 7. O-O e6 8.
Re1 Nbd7 9. a3 Bd6 10. Bd2 O-O 11. Nb5 Bxh2+ 12. Kxh2 Qb6 13. Nc3 e5 14. Bc1
Rad8 15. Kg1 Ng4 16. Nh4 g6 17. Nxf5 gxf5 18. Qf3 Qxd4 19. Bd3 e4 20. Bxe4 Nde5
21. Qxf5 Rfe8 22. Qxh7+ Kf8 23. Be3 Qd6 24. Rad1 1-0

[Event "C.to Italiano Semifinale"]
[Site "San Martino di Castrozza - Siror ITA"]
[Date "2003.06.24"]
[Round "4"]
[White "Astengo, Marcello"]
[Black "Guclu, Yaman"]
[Result "1-0"]
[WhiteElo "2055"]
[BlackElo "1771"]
[PlyCount "69"]
[EventDate "2003.06.21"]

1. d4 Nf6 2. c4 g6 3. Nc3 Bg7 4. e4 d6 5. Be3 O-O 6. f3 Nc6 7. Bd3 e5 8. d5 Nd4
9. Nge2 Nh5 10. Qd2 f5 11. O-O-O c5 12. dxc6 bxc6 13. exf5 gxf5 14. Bg5 Qc7 15.
Rhe1 Bd7 16. Bh4 Rab8 17. Qg5 h6 18. Qd2 Ne6 19. g4 fxg4 20. fxg4 Nhf4 21. Bb1
d5 22. Bg3 Ng5 23. cxd5 Bxg4 24. d6 Qf7 25. Nxf4 exf4 26. Re7 Qf6 27. Rf1 Nf3
28. Qd3 Bf5 29. Qxf5 Qxf5 30. Bxf5 fxg3 31. Rxf3 gxh2 32. Re1 Bxc3 33. bxc3
Rbe8 34. Rh1 Re5 35. Bh7+ $139 1-0

[Event "C.to Italiano Semifinale"]
[Site "San Martino di Castrozza - Siror ITA"]
[Date "2003.06.24"]
[Round "4"]
[White "Brignone, Roberto"]
[Black "Rossato, Armando"]
[Result "0-1"]
[WhiteElo "2149"]
[BlackElo "2192"]
[PlyCount "80"]
[EventDate "2003.06.21"]

1. e4 Nc6 2. Nf3 d5 3. exd5 Qxd5 4. Nc3 Qd8 5. d4 g6 6. Bf4 a6 7. Qd2 Bg7 8.
O-O-O Bg4 9. Be2 Nf6 10. h3 Bf5 11. d5 Nb8 12. Nd4 Be4 13. Bf3 Bxf3 14. Nxf3
Nbd7 15. Bh6 O-O 16. h4 Bxh6 17. Qxh6 Ng4 18. Qd2 h5 19. Ng5 Ndf6 20. f3 Ne5
21. g4 hxg4 22. Qf4 Qd6 23. Qd2 Nc4 24. Qd4 b5 25. Nce4 Qf4+ 26. Kb1 Rad8 27.
b3 Nb6 28. Nxf6+ Qxf6 29. Qxg4 Nxd5 30. Ne4 Qg7 31. Rdg1 f5 32. Qxg6 Qxg6 33.
Rxg6+ Kh7 34. Rhg1 fxe4 35. Rg7+ Kh8 36. fxe4 Nc3+ 37. Kb2 b4 38. Rxe7 Rd2 39.
Rgg7 Rff2 40. Rh7+ Kg8 0-1

[Event "C.to Italiano Semifinale"]
[Site "San Martino di Castrozza - Siror ITA"]
[Date "2003.06.24"]
[Round "4"]
[White "Calisi, Elia"]
[Black "Battaglia, Edoardo"]
[Result "1-0"]
[WhiteElo "1600"]
[BlackElo "1600"]
[PlyCount "81"]
[EventDate "2003.06.21"]

1. c4 c6 2. Nc3 d5 3. cxd5 cxd5 4. d4 Nf6 5. g3 Nc6 6. Bg2 Bf5 7. a3 e6 8. Nf3
h6 9. O-O a6 10. Re1 Be7 11. h3 Ne4 12. e3 Nxc3 13. bxc3 b5 14. a4 Qa5 15. Bd2
b4 16. cxb4 Bxb4 17. Qc1 O-O 18. Bxb4 Nxb4 19. Qd2 Qb6 20. a5 Qb7 21. Rec1 Rfc8
22. Ne1 Qb5 23. Bf1 Qb7 24. Ra3 Nc6 25. Rac3 Ne7 26. Nd3 Bxd3 27. Bxd3 Rxc3 28.
Rxc3 Rc8 29. Rxc8+ Qxc8 30. Qb4 Qc1+ 31. Kg2 Nf5 32. Qb8+ Kh7 33. Qb6 g6 34.
Bxf5 gxf5 35. Qxa6 Qc2 36. Qb7 Qe4+ 37. Kh2 Kg6 38. a6 f4 39. gxf4 Qf3 40. Qb1+
Kf6 41. Qg1 1-0

[Event "C.to Italiano Semifinale"]
[Site "San Martino di Castrozza - Siror ITA"]
[Date "2003.06.24"]
[Round "4"]
[White "Cazzaniga, Walter"]
[Black "Scalcione, Michelangelo"]
[Result "0-1"]
[WhiteElo "2094"]
[BlackElo "2366"]
[PlyCount "48"]
[EventDate "2003.06.21"]

1. d4 d6 2. c4 e5 3. Nf3 e4 4. Ng5 f5 5. Nc3 h6 6. Nh3 g5 7. e3 Nf6 8. Be2 Bg7
9. Bd2 O-O 10. Qc2 c6 11. O-O-O Qe7 12. Bf1 Na6 13. a3 Nc7 14. f3 Bd7 15. Nf2
d5 16. Kb1 Rfc8 17. Be2 b5 18. c5 a5 19. fxe4 dxe4 20. Bc1 g4 21. g3 Be6 22.
Ka1 Qf7 23. Rdf1 b4 24. Nb1 Ncd5 0-1

[Event "C.to Italiano Semifinale"]
[Site "San Martino di Castrozza - Siror ITA"]
[Date "2003.06.24"]
[Round "4"]
[White "Contini, Luca"]
[Black "Ferri, Stefano"]
[Result "1-0"]
[WhiteElo "2337"]
[BlackElo "2069"]
[PlyCount "33"]
[EventDate "2003.06.21"]

1. d4 Nf6 2. c4 e6 3. Nf3 b6 4. a3 Bb7 5. Nc3 d5 6. cxd5 Nxd5 7. Qc2 Nxc3 8.
Qxc3 Nd7 9. Bg5 Be7 10. Bxe7 Kxe7 11. d5 Bxd5 12. Qxg7 Qg8 13. Qc3 c5 14. O-O-O
Qg6 15. g3 b5 16. Qe3 Rhd8 17. Rxd5 1-0

[Event "C.to Italiano Semifinale"]
[Site "San Martino di Castrozza - Siror ITA"]
[Date "2003.06.24"]
[Round "4"]
[White "Damia, Angelo"]
[Black "Di Paolo, Raffaele"]
[Result "0-1"]
[WhiteElo "1991"]
[BlackElo "2320"]
[PlyCount "44"]
[EventDate "2003.06.21"]

1. e4 e6 2. d4 d5 3. exd5 exd5 4. Bd3 c5 5. dxc5 Bxc5 6. Nf3 Nf6 7. Qe2+ Be6 8.
Bb5+ Nc6 9. Ne5 O-O 10. Bxc6 bxc6 11. c3 Re8 12. Be3 Bxe3 13. fxe3 Qd6 14. Nf3
Bg4 15. O-O Qc5 16. Re1 Re7 17. Nbd2 Rae8 18. Nf1 Ne4 19. Qd3 Bxf3 20. gxf3 Ng5
21. Kf2 Qd6 22. Ng3 Qh6 0-1

[Event "C.to Italiano Semifinale"]
[Site "San Martino di Castrozza - Siror ITA"]
[Date "2003.06.24"]
[Round "4"]
[White "Drei, Andrea"]
[Black "Valenti, Giuseppe"]
[Result "0-1"]
[WhiteElo "2224"]
[BlackElo "2226"]
[PlyCount "58"]
[EventDate "2003.06.21"]

1. e4 c5 2. Nf3 e6 3. d4 cxd4 4. Nxd4 a6 5. Bd3 Nf6 6. c4 Nc6 7. Nxc6 dxc6 8.
O-O e5 9. Nc3 Be7 10. Kh1 O-O 11. f4 b5 12. h3 Nh5 13. Qf3 exf4 14. Ne2 Be6 15.
cxb5 axb5 16. Rd1 Ng3+ 17. Nxg3 fxg3 18. e5 Qc7 19. Bf4 Rxa2 20. Rxa2 Bxa2 21.
Be4 Be6 22. Bxc6 b4 23. Be4 Rd8 24. Rxd8+ Qxd8 25. Bxg3 Qd4 26. Qe2 Bc5 27. Bh2
Bc4 28. Qg4 g6 29. Bf3 Qf2 0-1

[Event "C.to Italiano Semifinale"]
[Site "San Martino di Castrozza - Siror ITA"]
[Date "2003.06.24"]
[Round "4"]
[White "Mola, Pietro"]
[Black "Cocchi, Andrea"]
[Result "1/2-1/2"]
[WhiteElo "2265"]
[BlackElo "2311"]
[PlyCount "38"]
[EventDate "2003.06.21"]

1. e4 d6 2. d4 Nf6 3. Nc3 e5 4. Nf3 Nbd7 5. Bc4 Be7 6. O-O O-O 7. Re1 c6 8. a4
Qc7 9. h3 exd4 10. Nxd4 Re8 11. Bf4 Bf8 12. Nf3 Ne5 13. Bb3 Be6 14. Bxe6 Nxf3+
15. Qxf3 Rxe6 16. Re2 Rae8 17. Rae1 Qa5 18. Bd2 Qc7 19. Bf4 Qa5 1/2-1/2

[Event "C.to Italiano Semifinale"]
[Site "San Martino di Castrozza - Siror ITA"]
[Date "2003.06.24"]
[Round "4"]
[White "Pechy, Alaster"]
[Black "Passerotti, Pierluigi"]
[Result "0-1"]
[WhiteElo "2115"]
[BlackElo "2278"]
[PlyCount "102"]
[EventDate "2003.06.21"]

1. d4 f5 2. e4 fxe4 3. Nc3 Nf6 4. Bg5 c6 5. f3 d5 6. fxe4 dxe4 7. Bxf6 exf6 8.
Nxe4 Be6 9. c3 Nd7 10. Bd3 Be7 11. Nf3 O-O 12. O-O Re8 13. Qc2 Nf8 14. b4 Bf7
15. Nfd2 Qc7 16. Nb3 b6 17. Qf2 Rad8 18. Nbd2 Be6 19. a3 f5 20. Ng3 g6 21. Rae1
Bd6 22. Nc4 Bxc4 23. Bxc4+ Kh8 24. Rxe8 Rxe8 25. Re1 Rxe1+ 26. Qxe1 c5 27. dxc5
bxc5 28. Bf1 h5 29. Be2 cxb4 30. axb4 Be5 31. c4 Bd4+ 32. Kh1 Qe5 33. Qd1 Qe3
34. Bxh5 Kg7 35. Bf3 Kf6 36. Ne2 Ne6 37. Bd5 Be5 38. Bxe6 Kxe6 39. Qd5+ Kf6 40.
Qd1 Qe4 41. Qd8+ Kf7 42. Qd7+ Kf6 43. Qd8+ Kg7 44. Qe7+ Kh6 45. Qf8+ Bg7 46.
Qd8 Qxe2 47. Qh4+ Qh5 48. Qf2 Qd1+ 49. Qg1 Qxg1+ 50. Kxg1 Bc3 51. b5 Bd4+ 0-1